000 01899nam2a22002771 4500
001 RU\NLR\INFOCOMM20\1000039174
005 20260406081744.0
035 _a(NLR Aleph) 002314367
090 _a4333142
_c4333142
100 _a20041029d1980 |||y0rusy50 ca
101 0 _arus
102 _aRU
105 _ay |||||||||
200 0 _a1980, Вып.17(102)
_fО.М. Петрова и др.
210 _d1980
_aБ. м.
225 1 _a...
_v1980, Вып.17(102)
_i...
_v1979
461 0 _1001RU\NLR\INFOCOMM18\1000224914
_12001#$aСовременные проблемы химии и химической промышленности$fМеждунар. система науч.-техн. информации по химии и хим. пром-сти. Постоянная комис. СЭВ по хим. пром-сти$v1980, Вып.17(102)
_94522469
_cМ.
_d1974-1988
_fМеждунар. система науч.-техн. информации по химии и хим. пром-сти. Постоянная комис. СЭВ по хим. пром-сти
_nНИИТЭХИМ
_tСовременные проблемы химии и химической промышленности
_v1980, Вып.17(102)
462 0 _1001RU\NLR\INFOCOMM20\1000039168
_12001#$aРазвитие химической промышленности стран-членов СЭВ$v1979
_94333088
_cМ.
_d1977-
_tСовременные проблемы химии и химической промышленности. - Развитие химической промышленности стран-членов СЭВ
_v1979
700 1 _4070
_7ca
_8rus
_aПетрова
_bО. М.
_cканд. хим. наук
_gОльга Михайловна
_92648466
_3RU\NLR\AUTH\770276499
801 1 _aRU
_bInfoComm
_c20041029
801 0 _aRU
_bNLR
_gPSBO
852 _aNLR
_jП10/5013
942 _cISSUE
980 _aNB
980 _aRUSPER